Statistics for Cantons Of Switzerland Map Quiz

Click here to take the quiz!

General Stats

  • This quiz has been taken 1,890 times
  • The average score is 16 of 26

Answers on the Map

Answers color-coded by a green-red scale on the quiz's map according to % correct below.
 

Answer Stats

Answer% Correct
Geneva
93%
Ticino
80%
Bern
77%
Valais
73%
Graubünden
71%
Basel Stadt
70%
Appenzell Innerhoden
69%
Vaud
67%
Zurich
67%
Appenzell Ausserrhoden
66%
St. Gallen
66%
Jura
64%
Fribourg
63%
Schaffhausen
63%
Neuchâtel
61%
Lucerne
60%
Aargau
55%
Obwalden
53%
Schwyz
53%
Zug
53%
Thurgau
52%
Glarus
50%
Solothurn
50%
Uri
48%
Nidwalden
45%
Basel Landschaft
44%

Score Distribution

Percentile by Number Answered

Percent of People with Each Score

Your Score History

You have not taken this quiz